Cost accounting : (Record no. 5768)
[ view plain ]
| 000 -LEADER | |
|---|---|
| fixed length control field | 00679cam a2200217 a 4500 |
| 001 - CONTROL NUMBER | |
| control field | 16516 |
| 003 - CONTROL NUMBER IDENTIFIER | |
| control field | BD-DhUAP |
| 005 - DATE AND TIME OF LATEST TRANSACTION | |
| control field | 20201221103856.0 |
| 008 - FIXED-LENGTH DATA ELEMENTS--GENERAL INFORMATION | |
| fixed length control field | 201221r20112009ii a b 001 0 eng |
| 020 ## - INTERNATIONAL STANDARD BOOK NUMBER | |
| International Standard Book Number | 9788131723685 |
| 040 ## - CATALOGING SOURCE | |
| Original cataloging agency | DLC |
| Transcribing agency | DLC |
| Modifying agency | BD-DhUAP |
| Language of cataloging | eng |
| 082 00 - DEWEY DECIMAL CLASSIFICATION NUMBER | |
| Classification number | 658.1511 COS |
| Edition number | 23 |
| 245 00 - TITLE STATEMENT | |
| Title | Cost accounting : |
| Remainder of title | a managerial emphasis / |
| Statement of responsibility, etc. | Charles T. Horngren ... [et al.]. |
| 250 ## - EDITION STATEMENT | |
| Edition statement | 13th ed. |
| 260 ## - PUBLICATION, DISTRIBUTION, ETC. | |
| Place of publication, distribution, etc. | Delhi : |
| Name of publisher, distributor, etc. | Pearson Prentice Hall, |
| Date of publication, distribution, etc. | c2009 [2011]. |
| 300 ## - PHYSICAL DESCRIPTION | |
| Extent | xxiii, 1018 pages : |
| Other physical details | illustrations ; |
| Dimensions | 29 cm. |
| 504 ## - BIBLIOGRAPHY, ETC. NOTE | |
| Bibliography, etc. note | Includes bibliographical references and indexes. |
| 650 #0 - SUBJECT ADDED ENTRY--TOPICAL TERM | |
| Topical term or geographic name entry element | Cost accounting. |
| 700 1# - ADDED ENTRY--PERSONAL NAME | |
| Personal name | Horngren, Charles T. |
| 942 ## - ADDED ENTRY ELEMENTS (KOHA) | |
| Source of classification or shelving scheme | |
| Koha item type | Book |
| Withdrawn status | Lost status | Source of classification or shelving scheme | Damaged status | Not for loan | Permanent Location | Current Location | Shelving location | Date acquired | Full call number | Barcode | Date last seen | Copy number | Price effective from | Koha item type | Total Checkouts | Total Renewals | Date last checked out |
|---|---|---|---|---|---|---|---|---|---|---|---|---|---|---|---|---|---|
| UAP Central Library | UAP Central Library | General Stacks | 2020-12-21 | 658.1511 COS | 3010016516 | 2020-12-21 | 1 | 2020-12-21 | Book | ||||||||
| UAP Central Library | UAP Central Library | General Stacks | 2020-12-21 | 658.1511 COS | 3010016513 | 2020-12-21 | 2 | 2020-12-21 | Book | ||||||||
| UAP Central Library | UAP Central Library | General Stacks | 2020-12-21 | 658.1511 COS | 3010016517 | 2020-12-21 | 3 | 2020-12-21 | Book | ||||||||
| UAP Central Library | UAP Central Library | General Stacks | 2020-12-21 | 658.1511 COS | 3010016519 | 2020-12-21 | 4 | 2020-12-21 | Book | ||||||||
| UAP Central Library | UAP Central Library | General Stacks | 2020-12-21 | 658.1511 COS | 3010016512 | 2025-04-27 | 5 | 2020-12-21 | Book | 1 | 2 | 2025-03-18 | |||||
| UAP Central Library | UAP Central Library | General Stacks | 2020-12-21 | 658.1511 COS | 3010016515 | 2020-12-21 | 6 | 2020-12-21 | Book | ||||||||
| UAP Central Library | UAP Central Library | General Stacks | 2020-12-21 | 658.1511 COS | 3010016518 | 2020-12-21 | 7 | 2020-12-21 | Book | ||||||||
| UAP Central Library | UAP Central Library | General Stacks | 2020-12-21 | 658.1511 COS | 3010016510 | 2020-12-21 | 8 | 2020-12-21 | Book | ||||||||
| UAP Central Library | UAP Central Library | General Stacks | 2020-12-21 | 658.1511 COS | 3010016514 | 2020-12-21 | 9 | 2020-12-21 | Book | ||||||||
| UAP Central Library | UAP Central Library | General Stacks | 2020-12-21 | 658.1511 COS | 3010016511 | 2020-12-21 | 10 | 2020-12-21 | Book |
Bengali Keyboard